Trouvez le film grâce aux répliques - Statistiques

Statistiques générales
  • Ce quiz a été pris 3 391 fois
  • Le résultat moyen est 13 sur 30
Statistiques - réponses
Réplique Film Réalisateur % Correct
Je suis ton père. Star Wars, épisode V : l'empire contre-attaque Irvin Kershner
100%
Maman disait toujours : "la vie, c'est comme une boîte de chocolat. On sait jamais sur quoi on va tomber !" Forrest Gump Robert Zemeckis
84%
Je suis le roi du monde ! Titanic James Cameron
80%
Vous savez, moi, je ne croit pas qu'il y ait de bonnes ou de mauvaises situations. Astérix et Obélix : mission Cléopâtre Alain Chabat
74%
Vous ne passerez pas ! Le seigneur des anneaux : la communauté de l'anneau Peter Jackson
74%
Jour ! Nuit ! Jour ! Nuit ! Les visiteurs Jean-Marie Poiré
73%
Dieu crée l'homme. L'Homme détruit Dieu. L'Homme crée les dinosaures. Jurassic Park Steven Spielberg
67%
Nous sommes Spartiates ! 300 Zack Snyder
57%
Je vais lui faire une offre qu'il ne pourra pas refuser. Le parrain Francis Ford Coppola
54%
Il faut du courage pour affronter ses ennemis, mais il en faut encore plus pour affronter ses amis... Harry Potter à l'école des sorciers Chris Columbus
51%
Vodka Martini, mélangée au shaker, pas à la cuillère. James Bond 007 contre Dr. No Terence Young
51%
Le monde se divise en deux catégories : ceux qui ont un pistolet chargé et ceux qui creusent. Le bon, la brute et le truand Sergio Leone
49%
Hasta la vista, baby. Terminator 2 : le jugement dernier James Cameron
49%
J'abattrai alors le bras d’une terrible colère, d'une vengeance furieuse et effrayante sur les hordes impies qui pourchassent et réduisent à néant les brebis de Dieu. Et tu connaîtras pourquoi mon nom est l’Éternel quand, sur toi, s'abattra la vengeance du Tout-Puissant. Pulp Fiction Quentin Tarantino
48%
C'est à moi que tu parles ? Taxi driver Martin Scorcese
38%
Je voix des gens qui sont morts.. Sixième sens M. Night Shyamalan
35%
On peut tromper une fois mille personnes, mais on ne peut pas tromper mille fois une personne. La cité de la peur Alain Berbérian
34%
J'ai dégusté son foie avec des fèves au beurre et un excellent chianti Le silence des agneaux Jonathan Demme
34%
Dans ce pays, il faut d'abord le fric. Et quand tu as le pognon, tu as le pouvoir. Et quand tu as le pouvoir, tu as toutes les bonnes femmes. Scarface Brian de Palma
34%
Yippe-ki-yay, pauvre con. Piège de cristal John McTiernan
29%
Pars. Pars très loin, et ne reviens jamais. Le roi lion Roger Allers, Rob Minkoff
28%
Bonsoir, Dave. 2001, l'odyssée de l'espace Stanley Kubrick
20%
Je suis trop vieux pour ces conneries... L'arme fatale Richard Donner
17%
Rosebud. Citizen Kane Orson Welles
16%
Fais pas chier ou je te ferai une guerre comme t'en avais jamais vue ! Rambo Ted Kotcheff
16%
Tous ces moments se perdront dans l'oubli comme les larmes dans la pluie. Blade Runner Ridley Scott
15%
Ecoutez j'ai une conception personnelle de l'œuvre. Ce n'est pas assez triomphale, ce n'est pas assez orgueilleux. De l'orgueil bon sang ! La grande vadrouille Gérard Oury
11%
Tout ce que je veux, c'est pouvoir tenir la distance. Rocky John G. Avildsen
10%
Joey, aimes-tu les films de gladiateurs ? Y a-t-il un pilote dans l'avion ? Frères Zucker, Jim Abrahams
10%
Hey Claudius ? C'est toi qui a tué mon père. Monumentale erreur. Last Action Hero John McTiernan
4%
Aucun quiz correspondant
Distribution des résultats
% des personnes avec chaque résultat
Percentile par nombre de réponses
Votre historique - résultats
Vous n’avez pas pris ce quiz